Una introducción a la economía política /

Guardado en:
Bibliografiske detaljer
Hovedforfatter: Salama, Pierre
Andre forfattere: Valier, Jacques
Format: Texto
Udgivet: México D.F.: Serie Popular Era
Tags: Tilføj Tag
Ingen Tags, Vær først til at tagge denne postø!

MARC

LEADER 00000 a a2200000 04500
001 24670
003
040
090 |a 173000  
100 |a Salama, Pierre  
245 |a Una introducción a la economía política /  |c Pierre Salama 
260 |a México D.F.:   |b Serie Popular Era  
300 |a 246 p.   |b **no definido**  
700 |a Valier, Jacques  
999 |c 16808  |d 16808